TOEFT ACTUAL TEST Listening test book Tập 2

में बचाया:
ग्रंथसूची विवरण
मुख्य लेखक: Putlack, Michael
स्वरूप: पुस्तक
भाषा:English
प्रकाशित: TP.HCM 2008
विषय:
टैग : टैग जोड़ें
कोई टैग नहीं, इस रिकॉर्ड को टैग करने वाले पहले व्यक्ति बनें!
Thư viện lưu trữ: Mạng thư viện Đại học Đà Nẵng
LEADER 00930nam a22002531a 4500
001 000034089
003 10281
005 20151027131605.0
008 151027s2008 000 eng
041 |a eng 
082 |a 420.8  |b PU-M  |2 Tập 2 
100 |a Putlack, Michael 
245 |a TOEFT ACTUAL TEST Listening test book  |c Michael A.Putlack, Stephen Poirier  |n Tập 2 
260 |a TP.HCM  |c 2008 
300 |a 136p.: ill ; 30cm 
650 |a TOEFT ACTUAL TEST Listening test book, Listening, Listening test book, TOEFT ACTUAL TEST 
OWN |a LNN 
AVA |a UDN50  |b LNN  |d 420.8 PU-M  |e available  |t Error 5001 Not defined in file expand_doc_bib_avail.  |f 3  |g 0  |h N  |i 0  |k 1 
999 |a From the UDN01 
AVA |a UDN50  |b LNN  |d 420.8 PU-M  |e available  |t Error 5001 Not defined in file expand_doc_bib_avail.  |f 3  |g 0  |h N  |i 0  |k 1 
TYP |a Monograph 
980 |a Mạng thư viện Đại học Đà Nẵng